Aus verloren gegangenen Brieger Landbüchern (Betr

Titel: Aus verloren gegangenen Brieger Landbüchern (Betr : die Dörfer und Güter Mollwitz, Arnsdorf, Duppine, Mellenau, Stannowitz, Würben, Gurtsch, Zottwitz, Kampen)
Verfasser:
In: Verein für Geschichte Schlesiens: Zeitschrift des Vereins für Geschichte Schlesiens, Band 51 (1917), Seite 248-266
alle Artikel anzeigen
Veröffentlicht: 1917
Format: Aufsatz
Sprache: Deutsch
Kein Bild verfügbar
X
alg: 39177708
001A    $01999:11-11-16 
001B    $01999:26-04-21 $t20:12:24.000 
001C    $06050:19-11-16 $t08:45:16.000 
001D    $01999:11-11-16 
001U    $0utf8 
001X    $00 
002@    $0Aox 
003@    $0391777084 
007A    $0391777084 $aHEB 
007T    $0Herda03198 
010@    $ager 
011@    $a1917 
021A    $aAus verloren gegangenen Brieger Landbüchern (Betr $ddie Dörfer und Güter Mollwitz, Arnsdorf, Duppine, Mellenau, Stannowitz, Würben, Gurtsch, Zottwitz, Kampen) 
028A    $#Wutke, Conrad $#Wutke, C. $#Wutke, K. $7117347329 $8Wutke, Konrad$Z1861-1951 [Tp1] $9151149488 
031A    $d51 $h248-266 $j1917 
039B    $aIn $8--Abvc--Verein für Geschichte Schlesiens [Tb1]. Zeitschrift des Vereins für Geschichte Schlesiens. - Breslau : Trewendt & Garnier, 1906-1943 $x191700000510000752 $9047252138 
045F    $a307.094385 $eDDC23BSB 
045F/01 $a307.09 
045F/03 $g4385 
045T    $a9,10 

lok: 39177708 78

exp: 39177708 78 1 #EPN
201B/01 $028-03-24 $t11:16:28.000 
201U/01 $0utf8 
203@/01 $0787872032 
208@/01 $a11-11-16 $be 
209A/01 $a/ $f000 $x00 
220C/01 $aTitelaufnehmer: cs 
244Z/01 $2Trx $#Silesia $#Śląsk $#Sliezsko $#Slezsko $8--Trx--Schlesien $x01 $9391173987 
244Z/01 $75031491-9 $8--Tg1--Brzeg $x02 $9044474563 
244Z/01 $2Trx $#Mollwitz Brieg $8--Trx--Małujowice$gBrzeg $x03 $9391263323 
244Z/01 $2Trx $#Arnsdorf Strehlen $8--Trx--Karnków$gStrzelin $x04 $9391220020 
244Z/01 $2Trx $#Mellnau Ohlau $8--Trx--Miłonów$gOława $x05 $9391338447 
244Z/01 $2Trx $#Stannowitz Ohlau $8--Trx--Stanowice$gOława $x06 $939122235X 
244Z/01 $2Trx $#Würben Ohlau $8--Trx--Wierzbno$gOława $x07 $9391218972 
244Z/01 $2Trx $#Gurtsch Strehlen $8--Trx--Górzec$gStrzelin $x08 $9391217267 
244Z/01 $2Trx $#Zottwitz Ohlau $71324706155 $8--Tg3--Sobocisko$gOława $x09 $9516706322 
244Z/01 $2Trx $#Kampen Strehlen $8--Trx--Kępino$gStrzelin $x10 $9391222368 
244Z/01 $aGeschichte 1300-1550 $x11 
244Z/01 $2Trx $#maaraamatud $#žemės knygos $#land books $#földkönyvek $#księgi ziemskie $#knihy zemské $#knihy zemské $#kniha desek zemských $8--Trx--Landbücher $x12 $9391362518 
244Z/01 $2Trx $8--Trx--Zeitschriftenaufsatz $x13 $9391384341 
245Z/01 $a13.02 $x01 
245Z/01 $a09.02 $x02 
247C/01 $82080>Marburg/Lahn, Herder-Institut, Forschungsbibliothek, Bibliographieportal $9336309341
LEADER 00000caa a22000002c 4500
001 391777084
003 DE-603
005 20210426201224.0
007 tu
008 161111s1917 xx |||| | u00||u|ger c
035 |a (DE-599)HEB391777084 
040 |a DE-603  |b ger  |c DE-603  |d DE-603 
041 |a ger 
082 0 4 |8 1\u  |a 307.094385  |q DE-101  |2 23/BSB 
084 |a 9,10  |2 ssgn 
085 |8 1\u  |b 307.09 
085 |8 1\u  |z 2  |s 4385 
100 1 |a Wutke, Konrad  |d 1861-1951  |0 (DE-603)151149488  |0 (DE-588)117347329  |2 gnd 
245 0 0 |a Aus verloren gegangenen Brieger Landbüchern (Betr  |b die Dörfer und Güter Mollwitz, Arnsdorf, Duppine, Mellenau, Stannowitz, Würben, Gurtsch, Zottwitz, Kampen) 
264 0 |c 1917 
773 0 8 |i In  |a Verein für Geschichte Schlesiens  |t Zeitschrift des Vereins für Geschichte Schlesiens  |d Breslau : Trewendt & Garnier, 1906-1943  |g Band 51 (1917), Seite 248-266  |w (DE-603)047252138  |w (DE-600)200433-1 
924 0 |9 2080  |a (DE-603)787872032  |b DE-2080  |c HES  |d d  |g /